000 00517nam a2200145 a 4500
001 000032791
005 20200930065833.0
008 110726s1912 dr 000 0 spa d
040 _aDO-SdBNP
_bspa
_cBNPHU
100 1 _aRepública Dominicana
_935843
245 1 0 _aInforme que al secretario de Estado de Hacienda y Comercio presenta el director general de impuesto sobre Alcoholes relativo al año 1911.
260 _aSanto Domingo :
_bImp. La Cuna de América,
_c1912.
300 _a1012 p. ;
_c30 cm.
049 _aBNPD
999 _c32282
_d32282